| 000 | 00346nam a22001337a 4500 | ||
|---|---|---|---|
| 040 | _cNUST | ||
| 082 |
_a621.3 _bMOD |
||
| 100 |
_aForenz, Tom _9118660 |
||
| 245 |
_aElectrical Fundamentals : _bmodule 3 / _cTom Forenz |
||
| 260 |
_aUnited States : _bAircraft Technical Book Company; _c2016. |
||
| 300 | _a230p. | ||
| 521 | _bHB | ||
| 942 |
_2ddc _cBK |
||
| 999 |
_c606837 _d606837 |
||